| 000 | 00540nam a22001697a 4500 | ||
|---|---|---|---|
| 999 |
_c41798 _d41798 |
||
| 003 | OSt | ||
| 005 | 20221110154352.0 | ||
| 008 | 221110b ||||| |||| 00| 0 eng d | ||
| 020 | _a9788122433494 | ||
| 040 | _coclc | ||
| 082 |
_a641.1 _bMUD/F |
||
| 100 | 1 |
_99296 _aMudambi, Sumati Rajagopal |
|
| 245 |
_aFundamentals of foods, nutrition and diet therapy _cSaumati R Mudambi, M V Rajagopal |
||
| 260 |
_aNew Delhi: _bNew Age international, _c2015. |
||
| 300 | _a400 p | ||
| 942 |
_2ddc _cBK _h641.1 _iMUD/F _k641.1 _mMUD/F |
||